| 000 | 00782nam a2200205 i 4500 | ||
|---|---|---|---|
| 001 | 129670 | ||
| 003 | ES-MaACL | ||
| 005 | 20230906193540.0 | ||
| 007 | t| | ||
| 008 | 070702s1928 it ||||1| ita d | ||
| 100 | 1 |
_aZonta, Guiseppe. _9118342 |
|
| 245 | 1 | 0 |
_aStoria della letteratura italiana / _cGiuseppe Zonta ; con prefazione di Alfredo Galleti e note bibliografiche di G. Balsamo Crivelli. |
| 260 |
_aTorino : _bUnione Tipografico Editrice, _c1928. |
||
| 300 |
_a4 v. : _bil. ; _c26 cm. |
||
| 505 | 8 | _aContiene: T. I: Il Medioevo.-- T. II: Il Rinascimiento (2 v.).-- T. III: L'etá Moderna | |
| 650 | 4 |
_aLiteratura italiana- _xHistoria y crítica. _914631 |
|
| 700 | 1 |
_aGalletti, A. _953609 |
|
| 700 | 1 |
_aBalsamo-Crivelli, Gustavo. _925109 |
|
| 852 |
_aES-MaACL _jA-2625-28 |
||
| 999 |
_c129670 _d129670 |
||